Biblioteca

El apóstol Pedro (Registro nro. 69023)

Detalles MARC
000 -LÍDER
Campo fijo de descripción fija 01756nam a2200349 i 4500
001 - NÚMERO DE CONTROL
Campo de control 768714001
003 - IDENTIFICADOR DEL NÚMERO DE CONTROL
Campo de control CO-MdFUSB
005 - FECHA Y HORA DE LA ULTIMA TRANSACCIÓN
control field 20231129123540.0
007 - CAMPO FIJO DE DESCRIPCIÓN FIJA--INFORMACIÓN GENERAL
Campo fijo de descripción fija ta
008 - ELEMENTOS DE LONGITUD FIJA -- INFORMACIÓN GENERAL
Campo fijo de descripción fija -- Información general 230922t19841984spa||||g |||| 00| 0 spa d
020 ## - NÚMERO INTERNACIONAL NORMALIZADO PARA LIBROS
Número Internacional Normalizado del libro 8472289303
040 ## - FUENTE DE CATALOGACIÓN
Agencia de catalogación original CO-MdFUSB
Idioma de catalogación spa
Agencia que realiza la transcripción CO-MdFUSB
Agencia que realiza la modificación CO-MdFUSBC
Convenciones de la descripción rda
041 ## - CÓDIGO DE IDIOMA
Código de idioma para texto/pista de sonido o título separado spa
082 ## - NÚMERO DE CLASIFICACIÓN DECIMAL DEWEY
Número de la edición del Dewey 23
Número de clasificación 225.92
Clave de autor-Numero de item T463
100 ## - ASIENTO PRINCIPAL--NOMBRE PERSONAL
Nombre personal Thomas, W. H. Griffith,
Término relacionador autor
245 13 - TÍTULO
Título del Material El apóstol Pedro
Parte restante del título - Subtitulo : bosquejos sobre su vida, carácter y escritos
Mención de responsabilidad, etc. / W. H. Griffith Thomas
250 ## - MENCIÓN DE EDICIÓN
Mención de edición versión española Samuel Vila
264 #1 - PRODUCCIÓN, PUBLICACIÓN, DISTRIBUCIÓN, MANUFACTURA, Y COPYRIGHT
Lugar de producción, publicación, distribución, manufactura Barcelona, España :
Nombre del productor, publicador, distribuidor Clie,
Fecha de producción, publicación, distribución, manufactura, o copyright [1984]
264 ## - PRODUCCIÓN, PUBLICACIÓN, DISTRIBUCIÓN, MANUFACTURA, Y COPYRIGHT
Fecha de producción, publicación, distribución, manufactura, o copyright © 1984
300 ## - DESCRIPCIÓN FÍSICA
Extensión 308 páginas
Dimensiones ; 21 cm.
336 ## - TIPO DE CONTENIDO
Fuente rdacontent
Término de tipo de contenido texto
Código de tipo de contenido txt
337 ## - TIPO DE MEDIO
Fuente rdamedia
Nombre del tipo de medio sin mediación
Código del tipo de medio n
338 ## - TIPO DE SOPORTE
Fuente rdacarrier
Nombre del tipo de soporte volumen
Código Tipo de soporte nc
504 ## - NOTA DE BIBLIOGRAFÍA, ETC.
Nota de bibliografía, etc Incluye índice.
505 ## - NOTA DE CONTENIDO
Nota de contenido con formato preestablecido I. La conversión -- II. El llamamiento al ministerio -- III. La gran confesión -- IV. La transfiguración -- V. Una lección de perdón -- LI. El solemne aviso -- VII. La negación -- VIII. El poder pentecostal -- IX. La oposición -- X. Simón Pedro y Simón el mago.
520 ## - NOTA DE RESUMEN, ETC.
Nota de sumario, etc. Probablemente el estudio más completo de que se dispone no solamente de la vida del gran apóstol, sino también de sus epístolas. <br/><br/>La biografía de Pedro es de suma importancia en el estudio del nuevo testamento, y, de manera particular, en la transformación que la gracia divina ejerce en cada uno de nosotros.<br/><br/>Un libro excelente como comentario, como biografía, como base de estudio bíblico, como modelo de hermenéutica, fuente de sermones y devocional.
563 ## - NOTA DE ENCUADERNACIÓN
Nota de encuadernación Rústico
600 #0 - ASIENTO SECUNDARIO DE MATERIA - NOMBRE PERSONAL
Nombre personal Pedro
Títulos y otros términos asociados al nombre Santo
Subdivisión general Vida religiosa y costumbres
630 07 - TITULO UNIFORME
Título uniforme Biblia
Subdivisión de forma Comentarios
942 ## - TIPO DE MATERIAL (KOHA)
Tipo de Item KOHA Libros General
945 ## - INFORMACIÓN LOCAL DEL REGISTRO
Catalogador sor1564
Existencias
Estado de Material Estado de Perdido Forma de Clasificación Estado de Dañado No para Préstamo Colección Biblioteca de Origen Biblioteca Permanente Fecha de Adquisición Área Total de Préstamos Signatura Topográfica Código de Barras Última vez visto Última vez Préstado Ejemplar/Existencia Fecha de Remplazo Tipo de Material
    Dewey Decimal Classification     Colección General Biblioteca FUSBC Biblioteca FUSBC 22/09/2023 TEOLOGÍA CRISTIANA 1 G 225.92 T463a 3042 19/09/2024 03/09/2024 Ej; 1 22/09/2023 Libros General

Biblioteca FUSBC | Teléfono: (57+4) 349 88 10 Ext. 141| WhatsApp (+57) 3005338115 
E-mail: biblioteca@unisbc.edu.co | Calle 76 87-14 Robledo Palenque, Medellín, Colombia

Con tecnología Koha